Novela zákona o cestovných náhradách

Pokračovanie článku z HN č. 228/02 o cestovných náhradách. Výpočet spotreby, ak je cestné motorové vozidlo poháňané plynom. Pokračovanie v ďalšom čísle.

Na minha lista:
Detalhes bibliográficos
Autor principal: Balažovič, Viktor
Formato: Capítulo de Livro
Idioma:eslovaco
Assuntos:
Tags: Adicionar Tag
Sem tags, seja o primeiro a adicionar uma tag!

MARC

LEADER 00000naa a2200000 4500
001 r047165
005 20230925130512.9
041 0 |a slo 
044 |a SK 
245 1 0 |a Novela zákona o cestovných náhradách  |c Viktor Balažovič 
520 |a Pokračovanie článku z HN č. 228/02 o cestovných náhradách. Výpočet spotreby, ak je cestné motorové vozidlo poháňané plynom. Pokračovanie v ďalšom čísle. 
610 2 0 |a náhrada cestovného 
610 2 0 |a cesty pracovné 
610 2 0 |a zamestnanci 
610 2 0 |a zamestnávatelia 
610 2 0 |a automobily osobné 
610 2 0 |a novelizácia 
100 1 |a Balažovič, Viktor